000 00837nam a22002657a 4500
001 74732
003 UA-OsUOA
005 20220907150015.0
007 ta
008 20110415b un ||||| |||| 00| 0 ukr d
020 _a9789664820117
040 _aUA-OsUOA
_bukr
_cUA-OsUOA
_dUA-OsUOA
041 _aukr
080 _a94(37+38)
090 _a94(37+38)
_bБ20
100 _aБалух В. О.
245 _aІсторія античної цивілізації
_bу трьох томах: підручник
_cВ. О. Балух
260 _aЧернівці
_bНаші книги
_c2008
300 _a544 с.
_bіл., карти
505 _gТ. 3
_tПрактикум
650 7 _a94 Історія загалом
_2UDC
942 _cBK
_2udc
955 _a2
999 _c361021
_d361021